[Event "GER-chT Seniors 19th"]
[Site "Eckernfoerde"]
[Date "2010.09.17"]
[Round "5.1"]
[White "Walther, Diethelm"]
[Black "Habermann, Arno"]
[Result "1/2-1/2"]
[WhiteElo "2002"]
[BlackElo "1951"]
[PlyCount "95"]
[EventDate "2010.09.13"]
[EventType "team-swiss"]
[EventRounds "7"]
[EventCountry "GER"]
[SourceTitle "EXT 2011"]
[Source "ChessBase"]
[SourceDate "2010.11.26"]
[SourceVersion "1"]
[SourceVersionDate "2010.11.26"]
[SourceQuality "1"]
[WhiteTeam "Rheinland Pfalz"]
[BlackTeam "Niedersachsen II"]
[WhiteTeamCountry "GER"]
[BlackTeamCountry "GER"]

1. d4 Nf6 2. Bg5 e6 3. e4 Be7 4. Bd3 0-0 5. Bxf6 Bxf6 6. e5 Be7 7. h4 c5 8. c3 cxd4 9. Qh5 g6 10. Qh6 f5 11. exf6 Rxf6 12. Nf3 Qf8 13. Qxf8+ Rxf8 14. cxd4 Nc6 15. Nc3 Bf6 16. Ne2 Nb4 17. Bb1 b6 18. Be4 d5 19. Bb1 Ba6 20. Kd2 Rac8 21. Nc3 Nc6 22. Bd3 Bxd3 23. Kxd3 Nb4+ 24. Kd2 Bg7 25. Rad1 Rc4 26. b3 Bh6+ 27. Ng5 Rxd4+ 28. Ke2 Rxd1 29. Rxd1 Bxg5 30. hxg5 Rf5 31. Rd4 Nc6 32. Rg4 Ne5 33. Ra4 a5 34. f4 Nc6 35. g3 Rf7 36. a3 Rb7 37. Nb5 Kf8 38. Ke3 Ke7 39. Nd4 Kd6 40. Nxc6 Kxc6 41. Rd4 Kd6 42. Rd1 Rc7 43. Kd3 b5 44. Rh1 b4 45. axb4 axb4 46. Kd4 Rc3 47. Ra1 Rc6 48. Ra7 1/2-1/2

[Event "Niedersachsen-ch Seniors op 13th"]
[Site "Bad Bevensen"]
[Date "2010.07.12"]
[Round "7"]
[White "Habermann, Arno"]
[Black "Neese, Hans Joachim"]
[Result "1/2-1/2"]
[WhiteElo "1986"]
[BlackElo "2151"]
[PlyCount "107"]
[EventDate "2010.07.06"]
[EventType "swiss"]
[EventRounds "9"]
[EventCountry "GER"]
[SourceTitle "EXT 2012"]
[Source "ChessBase"]
[SourceDate "2011.11.24"]
[SourceVersion "1"]
[SourceVersionDate "2011.11.24"]
[SourceQuality "1"]

1. e4 c5 2. Nc3 Nc6 3. f4 d6 4. Nf3 e6 5. Bb5 Qc7 6. 0-0 a6 7. Bxc6+ Qxc6 8. d3 b5 9. Qe2 Ne7 10. Bd2 g6 11. Rae1 Bg7 12. Kh1 0-0 13. Qf2 b4 14. Nd1 f5 15. e5 d5 16. Qh4 Ra7 17. Ng5 h6 18. Nf3 a5 19. Qf2 Ba6 20. b3 Bb5 21. Nb2 Rfa8 22. Be3 Rc7 23. h4 Rac8 24. Rg1 Kh7 25. Bd2 Ra8 26. Rc1 d4 27. Nc4 Bxc4 28. dxc4 a4 29. Qe2 Qe4 30. Rge1 Qxe2 31. Rxe2 axb3 32. axb3 Ra2 33. Ne1 Bf8 34. Nd3 Nc6 35. g3 h5 36. Kg2 Rca7 37. Kf2 Kg7 38. Ree1 R7a3 39. Ke2 Kf7 40. Red1 Ke8 41. Re1 Kd7 42. Rf1 Be7 43. Rfd1 Kc7 44. Re1 Na5 45. Rf1 Kb6 46. Rg1 Nc6 47. Rgf1 Nd8 48. Rg1 Nf7 49. Rgf1 Nh6 50. Rg1 Ng4 51. Rh1 Ra8 52. Rhf1 Rd8 53. Rh1 Rd7 54. Rhg1 1/2-1/2

[Event "Niedersachsen-ch Seniors 44th"]
[Site "Cadenberge"]
[Date "2010.04.17"]
[Round "5"]
[White "Habermann, Arno"]
[Black "Brunotte, Peter"]
[Result "1-0"]
[WhiteElo "1940"]
[BlackElo "1995"]
[PlyCount "59"]
[EventDate "2010.04.13"]
[EventType "swiss"]
[EventRounds "9"]
[EventCountry "GER"]
[SourceTitle "EXT 2019"]
[Source "ChessBase"]
[SourceDate "2018.10.10"]
[SourceVersion "1"]
[SourceVersionDate "2018.10.10"]
[SourceQuality "1"]

1. e4 e5 2. Nf3 Nf6 3. Nc3 Nc6 4. d4 exd4 5. Nxd4 Bc5 6. Nb3 Be7 7. Be2 d6 8. 0-0 Be6 9. Be3 Qd7 10. f3 0-0 11. Nd5 a6 12. Qd2 Ne5 13. c4 Rfd8 14. Rad1 b5 15. Nd4 Bxd5 16. cxd5 c5 17. dxc6 Nxc6 18. Nf5 d5 19. Bb6 Rdb8 20. Qg5 Ne8 21. Nxe7+ Nxe7 22. Bc5 f6 23. Qg3 Rd8 24. f4 Qe6 25. Bg4 Qxe4 26. Rfe1 Nf5 27. Qf2 Ned6 28. Bxd6 Nxd6 29. Rxe4 Nxe4 30. Be6+ 1-0

[Event "Niedersachsen-ch Seniors 44th"]
[Site "Cadenberge"]
[Date "2010.04.16"]
[Round "4"]
[White "Kiselev, Alexander"]
[Black "Habermann, Arno"]
[Result "0-1"]
[WhiteElo "1994"]
[BlackElo "1940"]
[PlyCount "68"]
[EventDate "2010.04.13"]
[EventType "swiss"]
[EventRounds "9"]
[EventCountry "GER"]
[SourceTitle "EXT 2019"]
[Source "ChessBase"]
[SourceDate "2018.10.10"]
[SourceVersion "1"]
[SourceVersionDate "2018.10.10"]
[SourceQuality "1"]

1. e4 c5 2. f4 Nc6 3. Nc3 e6 4. Nf3 Be7 5. d4 cxd4 6. Nxd4 a6 7. Nxc6 bxc6 8. Be3 Rb8 9. Rb1 Nf6 10. Bd3 0-0 11. e5 Nd5 12. Nxd5 cxd5 13. 0-0 g6 14. f5 exf5 15. Qf3 d6 16. exd6 Bxd6 17. c3 Re8 18. Rf2 Qc7 19. a3 a5 20. Bd4 Be6 21. g4 f4 22. Rbf1 Qd7 23. Rg2 Qe7 24. g5 Qd7 25. Rd2 Bg4 26. Qxd5 f3 27. Kh1 Bh3 28. Qxf3 Bxf1 29. Qf6 Be5 30. Bxe5 Qd5+ 31. Kg1 Rxe5 32. Bxg6 Rxg5+ 33. Kxf1 Qh1+ 34. Ke2 Re8+ 0-1

[Event "GER-chT Seniors 18th"]
[Site "Finsterbergen"]
[Date "2009.09.16"]
[Round "5"]
[White "Meiwald, Gerhard"]
[Black "Habermann, Arno"]
[Result "1/2-1/2"]
[WhiteElo "2039"]
[BlackElo "2126"]
[PlyCount "56"]
[EventDate "2009.09.12"]
[EventType "team-swiss"]
[EventRounds "7"]
[EventCountry "GER"]
[SourceTitle "CBM 132 Extra"]
[Source "ChessBase"]
[SourceDate "2009.11.03"]
[SourceVersion "1"]
[SourceVersionDate "2009.11.03"]
[SourceQuality "1"]

1. d4 d5 2. Nf3 Nf6 3. Bf4 Bf5 4. e3 e6 5. Nbd2 Nbd7 6. Be2 Bd6 7. Ne5 0-0 8. 0-0 Rc8 9. a3 h6 10. Rc1 Ne4 11. Nxd7 Qxd7 12. Nxe4 Bxe4 13. Bxd6 Qxd6 14. c4 dxc4 15. Rxc4 Rfd8 16. Bf3 Bd5 17. Bxd5 exd5 18. Rc3 Re8 19. Qa4 a6 20. Rfc1 c6 21. Qb3 Rc7 22. h3 Rce7 23. Qb6 Qg6 24. b4 Qe4 25. a4 h5 26. b5 axb5 27. axb5 cxb5 28. Qxb5 Qe6 1/2-1/2

[Event "GER-chT Seniors 18th"]
[Site "Finsterbergen"]
[Date "2009.09.14"]
[Round "4"]
[White "Habermann, Arno"]
[Black "Pamperin, Gerhard"]
[Result "1-0"]
[WhiteElo "2126"]
[BlackElo "1981"]
[PlyCount "163"]
[EventDate "2009.09.12"]
[EventType "team-swiss"]
[EventRounds "7"]
[EventCountry "GER"]
[SourceTitle "CBM 132 Extra"]
[Source "ChessBase"]
[SourceDate "2009.11.03"]
[SourceVersion "1"]
[SourceVersionDate "2009.11.03"]
[SourceQuality "1"]

1. e4 e6 2. d4 d5 3. Nc3 Be7 4. Nf3 dxe4 5. Nxe4 Nd7 6. Bd3 Ngf6 7. 0-0 0-0 8. c3 b6 9. Re1 Bb7 10. Qc2 Re8 11. Bd2 Rc8 12. Rad1 c5 13. dxc5 Bxe4 14. Bxe4 Nxe4 15. Rxe4 Rxc5 16. Rd4 Qc8 17. Be3 Nf6 18. h3 Rd5 19. Ng5 g6 20. Nf3 Red8 21. Qa4 a6 22. Qb3 b5 23. a3 Rxd4 24. Bxd4 Nd5 25. Qc2 f6 26. Qe4 Kf7 27. Qh4 Kg7 28. Qe4 Kf7 29. Nd2 e5 30. Ba7 Qc7 31. Be3 f5 32. Qf3 f4 33. Ne4 Nxe3 34. Rxd8 Qxd8 35. fxe3 Qb6 36. Kf2 Ke6 37. Ke2 Qc7 38. exf4 exf4 39. Qg4+ Ke5 40. Nd2 Qc6 41. Nf3+ Ke4 42. Nd4 Qc4+ 43. Ke1 Bc5 44. Qf3+ Ke5 45. Nc6+ Kd6 46. Na5 Qe6+ 47. Kf1 Be3 48. Qc6+ Ke5 49. Qc7+ Qd6 50. Nc6+ Kd5 51. Nb4+ Ke6 52. Qxd6+ Kxd6 53. Ke2 Ke5 54. Kf3 Kf5 55. Nd3 g5 56. g4+ Kg6 57. Ke4 h5 58. Ne5+ Kh6 59. b3 Bc1 60. a4 bxa4 61. bxa4 Bb2 62. Kd3 hxg4 63. hxg4 Ba3 64. Nf3 Kg6 65. Ke4 Kf6 66. Kd5 Be7 67. c4 Bd8 68. Kd6 Be7+ 69. Kc6 Ke6 70. Kb6 Kd6 71. c5+ Kd7 72. c6+ Kc8 73. Kxa6 Kc7 74. Kb5 Kb8 75. Kc4 Bd8 76. Kd5 Kc7 77. a5 Be7 78. Nd4 Kc8 79. a6 Kb8 80. Ke6 Bd8 81. Kd7 Bb6 82. Nf3 1-0

[Event "Bad Bevensen Seniors op 12th"]
[Site "Bad Bevensen"]
[Date "2009.07.14"]
[Round "8"]
[White "Habermann, Arno"]
[Black "Reimann, Guenther"]
[Result "0-1"]
[WhiteElo "1939"]
[BlackElo "1838"]
[PlyCount "128"]
[EventDate "2009.07.07"]
[EventType "swiss"]
[EventRounds "9"]
[EventCountry "GER"]
[SourceTitle "EXT 2022"]
[Source "ChessBase"]
[SourceDate "2021.10.06"]
[SourceVersion "1"]
[SourceVersionDate "2021.10.06"]
[SourceQuality "1"]

1. e4 e6 2. d4 d5 3. Nc3 Nf6 4. e5 Nfd7 5. f4 c5 6. Nf3 cxd4 7. Nxd4 a6 8. Bd3 Nc6 9. Be3 Bc5 10. Nxc6 bxc6 11. Bxc5 Nxc5 12. Be2 Rb8 13. Qd4 Qa5 14. 0-0 Rb4 15. Qd2 Rxb2 16. Rfb1 Rxb1+ 17. Rxb1 Na4 18. Rb3 Nxc3 19. Rxc3 c5 20. Qd3 0-0 21. h3 Bd7 22. Qg3 c4 23. Kh2 Qxa2 24. Qg5 h6 25. Qe7 Qa5 26. Rg3 Qd8 27. Qa3 Bb5 28. Qf3 f5 29. exf6 Qxf6 30. Qg4 Be8 31. Rf3 Bg6 32. Bd1 Bf5 33. Qg3 Be4 34. Rf1 Qg6 35. Qxg6 Bxg6 36. Bg4 Bf5 37. Bd1 Rb8 38. g4 Be4 39. f5 exf5 40. gxf5 Rf8 41. Bg4 Bxc2 42. Kg3 Rf6 43. Kf4 h5 44. Bf3 Rxf5+ 45. Ke3 Be4 46. Bxe4 Rxf1 47. Bxd5+ Kf8 48. Bxc4 Rh1 49. Bxa6 Rxh3+ 50. Kf4 g6 51. Bc8 Rc3 52. Bd7 Kg7 53. Be8 Kf6 54. Bd7 g5+ 55. Ke4 g4 56. Kf4 Rc4+ 57. Kg3 Kg5 58. Be6 Rc3+ 59. Kg2 Kf4 60. Bd5 Rc2+ 61. Kf1 h4 62. Bb7 Kg3 63. Be4 Rb2 64. Kg1 Re2 0-1

[Event "Bad Bevensen Seniors op 12th"]
[Site "Bad Bevensen"]
[Date "2009.07.09"]
[Round "3"]
[White "Schippan, Bernhard"]
[Black "Habermann, Arno"]
[Result "1-0"]
[WhiteElo "2233"]
[BlackElo "1939"]
[PlyCount "43"]
[EventDate "2009.07.07"]
[EventType "swiss"]
[EventRounds "9"]
[EventCountry "GER"]
[SourceTitle "EXT 2022"]
[Source "ChessBase"]
[SourceDate "2021.10.06"]
[SourceVersion "1"]
[SourceVersionDate "2021.10.06"]
[SourceQuality "1"]

1. e4 c5 2. Nf3 Nc6 3. c3 d6 4. d4 cxd4 5. cxd4 g6 6. Nc3 Bg7 7. Be2 Nf6 8. 0-0 0-0 9. d5 Ne5 10. Nd4 Ne8 11. Be3 f5 12. f4 Ng4 13. Bxg4 fxg4 14. Ne6 Bxe6 15. dxe6 Bxc3 16. bxc3 Qc8 17. f5 gxf5 18. exf5 Nf6 19. Bd4 Qc6 20. Qd2 Rac8 21. Qh6 Rce8 22. Rf4 1-0

[Event "Niedersachsen-ch Seniors 42th"]
[Site "Sottrum"]
[Date "2008.04.18"]
[Round "9"]
[White "Fritsch, Juergen"]
[Black "Habermann, Arno"]
[Result "1-0"]
[WhiteElo "1822"]
[BlackElo "1895"]
[PlyCount "145"]
[EventDate "2008.04.10"]
[EventType "swiss"]
[EventRounds "9"]
[EventCountry "GER"]
[SourceTitle "EXT 2022"]
[Source "ChessBase"]
[SourceDate "2021.10.06"]
[SourceVersion "1"]
[SourceVersionDate "2021.10.06"]
[SourceQuality "1"]

1. d4 d5 2. Nf3 Nf6 3. Bg5 Bf5 4. Bxf6 exf6 5. e3 Bd6 6. Nbd2 0-0 7. g3 c6 8. Bg2 Nd7 9. 0-0 Re8 10. Nh4 Be6 11. Bf3 f5 12. Ng2 Nf6 13. c3 Ne4 14. Nb3 b6 15. Nf4 Bd7 16. Bg2 Qe7 17. Nd3 Rac8 18. Re1 Bb8 19. f4 f6 20. Nf2 Qf7 21. Nxe4 fxe4 22. Qe2 Qg6 23. Qf2 Qh5 24. Nd2 Bg4 25. c4 Qf5 26. b4 Qd7 27. c5 g5 28. Qf1 Kg7 29. h3 Be6 30. Kh2 gxf4 31. gxf4 Rg8 32. Qf2 Kh8 33. Rg1 Rg6 34. Qh4 Rcg8 35. Bh1 Qg7 36. Rxg6 Qxg6 37. Qf2 Qh5 38. Bg2 Rg4 39. Nf3 Rxg2+ 40. Qxg2 exf3 41. Qg3 Bf5 42. Rg1 Bg6 43. Qg4 Qxg4 44. hxg4 Be4 45. Kg3 Kg7 46. Kf2 Kf7 47. cxb6 axb6 48. Rc1 Bd6 49. Rxc6 Bxb4 50. Rxb6 Be7 51. a4 h5 52. a5 h4 53. a6 h3 54. Rb1 Bxb1 55. Kxf3 Be4+ 56. Kg3 Bc5 57. dxc5 d4 58. exd4 Ke6 59. a7 Ba8 60. Kxh3 Kd5 61. g5 Ke6 62. Kg3 Kf5 63. gxf6 Kxf6 64. Kf2 Kf5 65. Ke3 Bd5 66. Kd2 Kxf4 67. Kc3 Ke4 68. Kb4 Bc6 69. Kc4 Ba8 70. Kb5 Kd5 71. Kb6 Ke6 72. Kc7 Kd5 73. Kb8 1-0

[Event "Niedersachsen-ch Seniors 42th"]
[Site "Sottrum"]
[Date "2008.04.12"]
[Round "3"]
[White "Ebersbach, Wolrad"]
[Black "Habermann, Arno"]
[Result "0-1"]
[WhiteElo "1721"]
[BlackElo "1895"]
[PlyCount "46"]
[EventDate "2008.04.10"]
[EventType "swiss"]
[EventRounds "9"]
[EventCountry "GER"]
[SourceTitle "EXT 2022"]
[Source "ChessBase"]
[SourceDate "2021.10.06"]
[SourceVersion "1"]
[SourceVersionDate "2021.10.06"]
[SourceQuality "1"]

1. e4 c6 2. d4 d5 3. Nd2 dxe4 4. Nxe4 Nf6 5. Nxf6+ exf6 6. Nf3 Bd6 7. Be2 0-0 8. 0-0 Re8 9. b3 Nd7 10. Bb2 Nf8 11. Qd2 Ng6 12. g3 Bh3 13. Rfe1 Qd7 14. c4 Rad8 15. a4 Qf5 16. c5 Bc7 17. Qc3 Bg4 18. Kg2 Re4 19. Ng1 Rexd4 20. f3 Bh5 21. g4 Nh4+ 22. Kh1 Qf4 23. Qxd4 Qxh2# 0-1

[Event "Mecklenburg VP-ch Seniors op 07th"]
[Site "Plau am See"]
[Date "2007.10.06"]
[Round "3"]
[White "Habermann, Arno"]
[Black "Gruber, Albert"]
[Result "1/2-1/2"]
[WhiteElo "1945"]
[BlackElo "1753"]
[PlyCount "46"]
[EventDate "2007.10.04"]
[EventType "swiss"]
[EventRounds "9"]
[EventCountry "GER"]
[SourceTitle "EXT 2022"]
[Source "ChessBase"]
[SourceDate "2021.10.06"]
[SourceVersion "1"]
[SourceVersionDate "2021.10.06"]
[SourceQuality "1"]

1. e4 e5 2. d4 d5 3. exd5 Qxd5 4. Nf3 Nc6 5. Nc3 Bb4 6. Bd2 Bxc3 7. Bxc3 Bg4 8. Be2 Bxf3 9. Bxf3 e4 10. Qe2 f5 11. Qe3 0-0-0 12. Bd1 Nf6 13. 0-0 h5 14. f3 Rhe8 15. Qg5 exf3 16. Bxf3 Ne4 17. Qxh5 Nxd4 18. Bxe4 Rxe4 19. Rf2 g6 20. Qh3 Ne2+ 21. Kh1 Nxc3 22. Qxc3 Rd4 23. h3 c6 1/2-1/2

[Event "GER-chT Seniors 16th"]
[Site "Halle"]
[Date "2007.09.17"]
[Round "5.2"]
[White "Striebich, Rudolf"]
[Black "Habermann, Arno"]
[Result "1-0"]
[WhiteElo "2187"]
[BlackElo "2149"]
[PlyCount "101"]
[EventDate "2007.09.13"]
[EventType "team-tourn"]
[EventRounds "7"]
[EventCountry "GER"]
[SourceTitle "EXT 2008"]
[Source "ChessBase"]
[SourceDate "2007.11.25"]
[SourceVersion "1"]
[SourceVersionDate "2007.11.25"]
[SourceQuality "1"]

1. e4 c6 2. d3 d5 3. Nd2 e5 4. Ngf3 Bg4 5. h3 Bxf3 6. Qxf3 Nf6 7. Be2 Nbd7 8. 0-0 Be7 9. Re1 Qa5 10. Bf1 d4 11. Qe2 0-0 12. g3 Rfe8 13. Bg2 Rad8 14. Rf1 h6 15. Nf3 Nh7 16. Nh2 Bg5 17. f4 exf4 18. gxf4 Be7 19. a3 Ndf6 20. Bf3 Nf8 21. Qg2 Ng6 22. Be2 Kh7 23. Kh1 Rg8 24. Rg1 Qc7 25. e5 Nd5 26. Qe4 Kh8 27. Bh5 Bc5 28. Bxg6 fxg6 29. Rxg6 Ne7 30. Rg4 Rdf8 31. Bd2 Nf5 32. Rag1 Be7 33. Nf3 Qb6 34. b4 c5 35. bxc5 Bxc5 36. Rg6 Qb2 37. a4 b6 38. e6 Bd6 39. R6g2 Qxc2 40. Bb4 Ng3+ 41. Rxg3 Bxb4 42. Ne5 g5 43. Ng6+ Rxg6 44. Qxg6 Qc6+ 45. Kh2 Qc7 46. Qxh6+ Qh7 47. Qxh7+ Kxh7 48. Rxg5 Kh6 49. Rg6+ Kh7 50. R6g4 Rf6 51. e7 1-0

[Event "Niedersachsen-ch Seniors 41st"]
[Site "Sottrum"]
[Date "2007.03.23"]
[Round "2"]
[White "Zotin, Vladimir"]
[Black "Habermann, Arno"]
[Result "1-0"]
[WhiteElo "1725"]
[BlackElo "1995"]
[PlyCount "129"]
[EventDate "2007.03.22"]
[EventType "swiss"]
[EventRounds "9"]
[EventCountry "GER"]
[SourceTitle "EXT 2022"]
[Source "ChessBase"]
[SourceDate "2021.10.06"]
[SourceVersion "1"]
[SourceVersionDate "2021.10.06"]
[SourceQuality "1"]

1. b3 Nf6 2. Bb2 d5 3. e3 Bd7 4. Nf3 e6 5. Nc3 Be7 6. Be2 0-0 7. 0-0 a6 8. Ne5 c5 9. d4 Nc6 10. Nxd7 Nxd7 11. Bd3 f5 12. Ne2 Bd6 13. c4 cxd4 14. cxd5 exd5 15. Nxd4 Nxd4 16. Bxd4 Ne5 17. Be2 Qe7 18. Rc1 Rad8 19. Bb6 Rd7 20. Qxd5+ Kh8 21. Bc5 Bxc5 22. Qxc5 h6 23. Qxe7 Rxe7 24. Rfd1 Kh7 25. Bf3 Nxf3+ 26. gxf3 Rf6 27. Rd4 g5 28. Rc5 Kg6 29. Kg2 b6 30. Rc8 Kh5 31. h3 Rg7 32. a3 a5 33. Kf1 Kg6 34. h4 Kh5 35. hxg5 hxg5 36. Ke2 Kg6 37. b4 axb4 38. Rxb4 Ra7 39. a4 Rd7 40. Rd4 Rxd4 41. exd4 g4 42. d5 Kg5 43. fxg4 fxg4 44. Rc6 Rf5 45. d6 Rd5 46. Rxb6 Kf6 47. Ke3 Ke6 48. Rb4 Rg5 49. Rd4 Kd7 50. Kf4 Rg8 51. Kg3 Rg6 52. Rxg4 Rxd6 53. Re4 Rf6 54. f4 Kd6 55. Kg4 Rg6+ 56. Kf5 Rg1 57. Kf6 Rf1 58. f5 Rd1 59. Re6+ Kd7 60. a5 Rh1 61. a6 Rh6+ 62. Ke5 Rh1 63. a7 Ra1 64. Kf6 Kd8 65. Re7 1-0